| 000 | 00516nam a2200169 i 4500 | ||
|---|---|---|---|
| 001 | 86484 | ||
| 003 | ES-MaACL | ||
| 007 | t| | ||
| 008 | 041213s1982 sp ||||1| spa d | ||
| 100 | 1 |
_aKatouzian, Homa. _967624 |
|
| 245 | 1 | 0 |
_aIdeología y método en economía / _cHoma Katouzian ; traducción de José Luis Zofio Ferrer. |
| 250 | _a[1ª ed.]. | ||
| 260 |
_a[Madrid] : _bH. Blume, _c[1982] |
||
| 300 |
_a272 p. ; _c21 cm. |
||
| 700 | 1 |
_aZofio Ferrer, José Luis. _9118327 |
|
| 852 |
_aES-MaACL _jL-4676 _bR.105003 |
||
| 999 |
_c86484 _d86484 |
||